Statistics for Countries by AI-Generated Images #2

Click here to take the quiz!

General Stats

  • This quiz has been taken 792 times
  • The average score is 10 of 18

Answer Stats

Answer% Correct
India
99%
Russia
98%
Peru
94%
Greece
87%
Italy
76%
Switzerland
74%
Tanzania
67%
South Korea
62%
Cuba
49%
Denmark
44%
Iran
38%
Monaco
38%
Canada
36%
Hungary
36%
Israel
27%
Madagascar
27%
Indonesia
23%
Sweden
14%

Score Distribution

Percentile by Number Answered

Percent of People with Each Score

Your Score History

You have not taken this quiz